000 00466nam a22001577a 4500
999 _c329499
_d329499
003 Nust
005 20170510123127.0
008 170308b xxu||||| |||| 00| 0 eng d
020 _a8123908261
040 _c0
082 _a540 BHA
100 _aBhatia, S. C.
_9274
245 _aEnvironmental Chemistry
_cS.C.Bhatia
260 _aDarya Ganj,New Delhi
_bCBS Pub
_c2002
300 _a549p
500 _aH.B
942 _2ddc
_cBK
_k540 BHA